Представление документа в формате MARC21

Поле Инд. ПП Название Значение
Тип записи a
Библиографический уровень a
001 Контрольный номер 313bed1466eb4d6da0314536cf86cc6d
005 Дата корректировки 20260423091910.6
020 a ISBN 978-5-907919-723
040 a Служба первич. каталог. НБ ТвГУ
b Код языка каталог. rus
e Правила каталог. PSBO
041 0_ a Код языка текста rus
097 b Оператор Komarova.ES
100 1_ a Автор Печорин Виктор Владимирович
q Полное имя Печорин В. В.
245 10 a Заглавие Экология мысли: от «языка этикеток» к сложности истины»
260 a Место издания Москва
b Издательство Московский союз литераторов
504 a Библиография Библиогр. в подстроч. примеч.
520 0_ a Аннотация В статье рассматривается проблема сохранения национального культурного кода через призму экологии языка. Автор анализирует трансформацию понятия «ярлык» от исторического символа субъектности до современного инструмента манипуляции и дегуманизации личности. На примере Крымской войны и судебного процесса над В. С. Печериным в 1855 году демонстрируется, как механизмы стигматизации и идеологические клише использовались в западном дискурсе для формирования антироссийских настроений.
653 0_ a Ключевые слова Антироссийские настроения
a Ключевые слова Исторический символ
a Ключевые слова Клише
a Ключевые слова Экология языка
a Ключевые слова Культурный код
773 18 w Контрольный № источника b6c41c0621c24b1a8844e5348daa290e
t Название источника IV международная научно-практическая конференция "Русский язык и литература в современном мире: как сохранить национальный культурный код"
d Место и дата издания Москва : Московский союз литераторов, 2026
g Прочая информация С. 139-143
901 t Тип документа a
920 a Оператор Кома
954 b Дата поступления в ОК 20260423